000 00267nam a2200097Ia 4500
001 1070868
005 20250827002114.0
008 250824s9999 xx 000 0 und d
245 0 _aHÜSREVÜ ŞİRİN
_cAZERİ İBRAHİM ÇELEBİ
260 _bTÜRK DİL KURUMU YAYINLARI
999 _c1070868
_d1070868